Länder Südamerikas nach Fläche (absteigende Reihenfolge) - Statistiken

Allgemein
  • Dieses Quiz wurde 25 mal gespielt
  • Das Durchschnittsergebnis liegt bei 11 aus 12
Antwortstatistiken
Hint Antwort % Korrekt
2'780'400 km² Argentinien
100%
8'515'770 km² Brasilien
100%
1'138'910 km² Kolumbien
100%
1'285'216 km² Peru
100%
1'098'581 km² Bolivien
89%
756'102 km² Chile
89%
283'561 km² Ecuador
89%
406'752 km² Paraguay
89%
176'215 km² Uruguay
89%
912'050 km² Venezuela
89%
214'969km² Guyana
84%
163'820 km² Suriname
84%
Keine übereinstimmenden Quizze gefunden
Verteilung der Resultate
Anzahl Personen mit jedem Resultat
Perzentil nach korrekt beantworteten Fragen
Ihre Resultats-Entwicklung
Sie haben dieses Quiz noch nicht gespielt